নারীমুক্তি আন্দোলন / (Record no. 47504)
[ view plain ]
| 000 -LEADER | |
|---|---|
| fixed length control field | 01114nam a2200289 a 4500 |
| 001 - CONTROL NUMBER | |
| control field | 47504 |
| 003 - CONTROL NUMBER IDENTIFIER | |
| rucl marc code | BD-RjUL |
| 005 - DATE AND TIME OF LATEST TRANSACTION | |
| control field | 20211209054330.0 |
| 008 - FIXED-LENGTH DATA ELEMENTS--GENERAL INFORMATION | |
| fixed length control field | 160809r20041989bg ||||| |||| 00| 0 ben d |
| 020 ## - INTERNATIONAL STANDARD BOOK NUMBER | |
| International Standard Book Number | 9840744712 |
| Terms of availability | : TK 70.00 |
| 035 ## - SYSTEM CONTROL NUMBER | |
| System control number | (BD-RjUL)47623 |
| 040 ## - CATALOGING SOURCE | |
| Original cataloging agency | BD-RjUL |
| Language of cataloging | ben |
| Transcribing agency | BD-RjUL |
| 041 ## - LANGUAGE CODE | |
| Language code of text/sound track or separate title | ben |
| 082 ## - DEWEY DECIMAL CLASSIFICATION NUMBER | |
| Edition number | 23 |
| Classification number | 305.42 |
| Author mark and year | BEN 2004 |
| 100 1# - MAIN ENTRY--PERSONAL NAME | |
| Personal name | বেগম, মালেকা |
| 9 (RLIN) | 120329 |
| 245 10 - TITLE STATEMENT | |
| Title | নারীমুক্তি আন্দোলন / |
| Statement of responsibility, etc. | মালেকা বেগম |
| 250 ## - EDITION STATEMENT | |
| Edition statement | ২য় সং. |
| 260 ## - PUBLICATION, DISTRIBUTION, ETC. (IMPRINT) | |
| Place of publication, distribution, etc. | ঢাকা : |
| Name of publisher, distributor, etc. | বাংলা একাডেমী, |
| Date of publication, distribution, etc. | ১৯৮৯ [পুনর্মুদ্রণ ২০০৪] |
| 300 ## - PHYSICAL DESCRIPTION | |
| Pagination | [১০], ১০০ পৃ. ; |
| Size | ১৮সেমি. |
| 490 ## - SERIES STATEMENT | |
| Series statement | বাএ ; |
| Volume/sequential designation | ৪৪৬২ |
| Series statement | ভাষা-শহীদ গ্রন্থমালা |
| 650 ## - SUBJECT ADDED ENTRY--TOPICAL TERM | |
| Topical term or geographic name as entry element | নারী অধিকার |
| 9 (RLIN) | 144435 |
| Topical term or geographic name as entry element | Women Rights |
| 9 (RLIN) | 144436 |
| 830 ## - SERIES ADDED ENTRY--UNIFORM TITLE | |
| Uniform title | বাএ ; |
| Volume number/sequential designation | ৪৪৬২ |
| Uniform title | ভাষা-শহীদ গ্রন্থমালা |
| 942 ## - ADDED ENTRY ELEMENTS (KOHA) | |
| Source of classification or shelving scheme | Dewey Decimal Classification |
| Koha item type | Books |
| Lost status | Source of classification or shelving scheme | Damaged status | Not for loan | Collection code | Permanent Location | Current Location | Shelving location | Date acquired | Source of acquisition | Cost, normal purchase price | Total Checkouts | Full call number | Date last seen | Date checked out | Copy number | Koha item type |
|---|---|---|---|---|---|---|---|---|---|---|---|---|---|---|---|---|
| Dewey Decimal Classification | Non-fiction | Central Library, University of Rajshahi | Central Library, University of Rajshahi | 09/06/2011 | Bangla Academy, Dhaka | 70.00 | 2 | B 305.42 BEN 2004 | 10/03/2022 | 24/02/2022 | C-2 | Books | ||||
| Dewey Decimal Classification | Non-fiction | Central Library, University of Rajshahi | Central Library, University of Rajshahi | 12/08/2009 | Bangla Academy, Dhaka. | 70.00 | B 305.42 BEN 2004 | 17/11/2016 | C-3 | Books | ||||||
| Dewey Decimal Classification | Not For Loan | Non-fiction | Central Library, University of Rajshahi | Central Library, University of Rajshahi | Reading Room | 09/06/2011 | Bangla Academy, Dhaka | 70.00 | B 305.42 BEN 2004 | 21/11/2016 | C-1 | Books |